Scenes from a Marriage : The Vale of Tears = Scener ur ett äktenskap : tåredalen /

Presentación, dividida en tres volúmenes, de la miniserie serie televisiva original y el derivado largometraje fílmico número 34 dirigidos por Ingmar Bergman, quien disecciona implacable y exhaustivamente el intenso proceso compuesto por las infidelidades y desesperaciones, crisis y deterioro, dudas...

وصف كامل

محفوظ في:
التفاصيل البيبلوغرافية
المؤلف الرئيسي: Bergman, Ingmar (realización)
مؤلفون آخرون: Bergman, Ingmar (guión) (guión), Nykvist, Sven (fotógrafo) (fotógrafo), Pehrsson, Inger (vestuario) (vestuario), Lundgren, Siv (montaje) (montaje), Ullmann, Liv (actuación) (actuación), Josephson, Erland (actuación) (actuación), Lindblom, Gunnel (actuación) (actuación)
التنسيق: شريحة
اللغة:السويدية
منشور في: Fårö, Suecia : Cinematograph 1973
سلاسل:(Criterion Collection ; 229/2)
الموضوعات:
الوسوم: إضافة وسم
لا توجد وسوم, كن أول من يضع وسما على هذه التسجيلة!

MARC

LEADER 00000ngm^a2200000^a^4500
001 000187923
005 20250521000000.0
009 20260310102321.003
020 |a 0-78002-802-3 
037 |a Acervo ITESO - Biblioteca 
041 |a SUE 
082 |a 808. 8  |b CRI V. 229 T. 2 
100 |a Bergman, Ingmar  |e (realización) 
240 1 1 |a [Escenas de un matrimonio] 
240 1 1 |a [Scenes from a Marriage] 
240 1 1 |a [Scenes from a Marriage: Television Series] 
245 1 0 |a Scenes from a Marriage :  |b The Vale of Tears = Scener ur ett äktenskap : tåredalen /  |c Realización de I. Bergman. 
246 2 |a Título en México: Escenas de un matrimonio [salas de cine] 
246 2 |a Título en México: Secretos de un matrimonio [DVD] 
264 1 |a Fårö, Suecia :  |b Cinematograph  |c 1973 
264 2 |a Nueva York, EUA :  |b Criterion Collection [distribución],  |c 2004, c2004 
300 |a 1 DVD sin dato de región (52, 52, 51 min.) :  |b color 
336 |a imagen móvil bidimensional  |b tdi  |2 rdacontenido 
337 |a video  |b v  |2 rdamedio 
338 |a videodisco  |b vd  |2 rdasoporte 
440 1 |a (Criterion Collection ;  |v 229/2) 
520 |a Presentación, dividida en tres volúmenes, de la miniserie serie televisiva original y el derivado largometraje fílmico número 34 dirigidos por Ingmar Bergman, quien disecciona implacable y exhaustivamente el intenso proceso compuesto por las infidelidades y desesperaciones, crisis y deterioro, dudas y confusiones, separación y divorcio, soledades y ambiguos reencuentros de una madura y burguesa pareja. El sueco, consagrado ya como uno de los grandes del cine mundial y con una filmografía de casi tres décadas a sus espaldas, acometió el proyecto inquieto por acceder al gran público, pero con una propuesta fiel al rigor y austeridad visual y argumental de su universo creativo, filmada con sus colaboradores habituales e incluso en su locación predilecta: el fotógrafo Sven Nykvist capta, con cámara de 16 milímetros y rodaje en la isla de Fårö, en reveladores y ajustados primeros planos los expresivos y dolientes rostros de Liv Ullmann y Erland Josephson, encargados de ejecutar las pocas y devastadoras acciones y recrear los muchos y muy elaborados diálogos planteados por el director. El resultado fue un recuento tan honesto como brutal del eterno y universal tema narrativo de las relaciones amorosas entre hombres y mujeres, que al emitirse por televisión se convirtió en el mayor éxito de público del cineasta, en un tema de conversación cotidiana entre los hogares suecos y al parecer hasta en un factor incidente en el aumento de divorcios en dicha nación, además de motivar una versión para exhibirse en salas de cine y una adaptación teatral. La serie, quizás el más célebre trabajo de Bergman para televisión, comprende seis capítulos y dura casi cinco horas, en tanto la película es una reedición –supervisada por el propio director- próxima a las tres horas, ampliada al formato de 35 milímetros, centrada casi sólo en la pareja protagonista y sin varias de las tomas en escenarios exteriores. 
520 |a El segundo de los tres volúmenes reúne los capítulos The Vale of Tears (El valle de lágrimas, 52 min., fecha de transmisión original: 2 de mayo de 1973), The Illiterates (Los analfabetos, 52 min., 9 de mayo de 1973) e In the Middle of the Night in a Dark House Somewhere in the World (En medio de la noche en una casa obscura en algún lugar del mundo, 51 min., 16 de mayo de 1973). La serie televisual inicia en el primer volumen y esta presentación en DVD culmina en el tercero con la versión para cine, pero el director y los actores protagonistas prosiguieron la experiencia al reunirse con estos mismos personajes, ya envejecidos, treinta años después en el telefilme Saraband (2003). 
520 |a Suplementos y catacterísticas especiales: 1) Montaje que alterna conversaciones con Liv Ullmann y Erland Josephson sobre la miniserie y la película (25 min., 2003-2004). 
530 |a Existe una edición en formato audiovisual en blu-ray con el mismo título 
530 |a Existe una edición en formato audiovisual en Blu-ray con el título: Scenes from a Marriage: U.S. Theatrical Version 
530 |a Existe una edición en formato audiovisual en DVD con el mismo título 
530 |a Existe una edición en formato audiovisual en DVD con el título: Secretos de un matrimonio 
530 |a Existe una edición en formato audiovisual en DVD con el título: Scenes from a Marriage: U.S. Theatrical Version 
530 |a Existe una edición en formato impreso con el título: Secretos de un matrimonio 
545 0 |a Ingmar Bergman (Uppsala, 1918 – Fårö, 2007), cineasta, director teatral y escritor sueco. Graduado en Letras en la Universidad de Estocolmo. A principio de los años 1940 escribió teatro y estrenó algunas obras. Por el éxito obtenido, es contratado por la productora Svensk Filmindustri para escribir guiones y dirigirlos. Sus filmes, en los que destacan los temas del amor y la muerte, manifiestan auténticas preocupaciones existencialistas y religiosas y exponen un profundo trasfondo psicológico y filosófico. Los festivales de Cannes, Berlín y Venecia, las academias cinematográficas de Estados Unidos, Europa, Francia, Gran Bretaña e Italia y el Instituto Sueco del Cine le galardonaron en repetidas ocasiones. Un verano con Mónica (1952); Noche de circo (1953); Sonrisas de una noche de verano (1955); El séptimo sello (1957); Fresas salvajes (1957); Al umbral de la vida (1958); El mago (1958); El manantial de la doncella (1960); A través de un vidrio oscuro (1961); Luz de invierno (1962); El silencio (1963); Persona (1966); Vergüenza (1968); Pasión (1969); Gritos y susurros (1972); Escenas de un matrimonio (1973, versión reducida de su serie televisual homónima); Sonata de otoño (1978); Fanny y Alexander (1983, versión reducida de su serie televisual homónima) y Saraband (2003) son una muestra representativa de la extensa filmografía de quien ha llegado a ser citado como el más grande autor del cine posterior a la Segunda Guerra Mundial. 
546 |a En sueco, con subtítulos opcionales: inglés 
649 |a XX 
650 |a Actores Suecos -  |x Entrevistas 
650 |a Actores Noruegos -  |x Entrevistas 
650 |a Mujeres Noruegas -  |x Entrevistas 
650 |a Adultos Maduros en la Televisión 
650 |a Adultos Maduros -  |x Condiciones Psicológicas 
650 |a Adultos Maduros -  |z Suecia -  |x Condiciones Sociales y Culturales 
650 |a Burguesía en la Televisión 
650 |a Burguesía -  |x Condiciones Psicológicas 
650 |a Burguesía -  |z Suecia -  |x Condiciones Sociales y Culturales 
650 |a Series Dramáticas 
650 |a Miniseries 
650 |a Televisión -  |z Suecia -  |y 1970-1979 
650 |a Televisión -  |z Suecia -  |y Siglo XX 
650 |a Televisión -  |z Suecia -  |x Historia y Crítica 
650 |a Cine Sueco -  |x Historia y Crítica 
650 |a Infidelidad 
650 |a Amor 
650 |a Matrimonio -  |x Tema Principal 
650 |a Relaciones de Pareja -  |x Tema Principal 
650 |a Relaciones Intergénero -  |x Tema Principal 
650 |a Divorcio 
650 |a Conflicto (Relaciones Personales) 
650 |a Fårö, Suecia en la Televisión 
650 |a Josephson, Erland 
650 |a Ullmann, Liv 
700 |a Bergman, Ingmar  |e (guión) 
700 |a Nykvist, Sven  |e (fotógrafo) 
700 |a Pehrsson, Inger  |e (vestuario) 
700 |a Lundgren, Siv  |e (montaje) 
700 |a Ullmann, Liv  |e (actuación) 
700 |a Josephson, Erland  |e (actuación) 
700 |a Lindblom, Gunnel  |e (actuación) 
740 0 |a Scenes from a Marriage :  |b The Illiterates = Scener ur ett äktenskap : analfabeterna /  |c Realización de I. Bergman. 
740 0 |a Scenes from a Marriage :  |b In the Middle of the Night in a Dark House Somewhere in the World = Scener ur ett äktenskap : mitt i natten i ett mörkt hus någonstansi världen /  |c Realización de I. Bergman. 
910 |a Fondo General 
920 |a Audiovisuales - DVDs 
940 |a Películas 
905 |a 308 
901 |a 0500088861  |b IT2  |c DVR  |u 20250521 
902 |a https://opac.biblio.iteso.mx/vufind/Record/000187923